<?xml version="1.0" encoding="UTF-8"?>
<collection xmlns="http://www.loc.gov/MARC21/slim">
 <record>
  <leader>00581pamaa2200169   4500</leader>
  <controlfield tag="001">0000040941</controlfield>
  <controlfield tag="005">20110224090000.0</controlfield>
  <controlfield tag="008">070507                             eng  </controlfield>
  <datafield tag="020" ind1="0" ind2="0">
   <subfield code="a">9839236709 (pbk.) </subfield>
  </datafield>
  <datafield tag="090" ind1="0" ind2="0">
   <subfield code="a">HF1017 </subfield>
   <subfield code="b">CHO 2000</subfield>
  </datafield>
  <datafield tag="100" ind1="1" ind2="1">
   <subfield code="a">CHOO WEI CHONG </subfield>
  </datafield>
  <datafield tag="245" ind1="1" ind2="0">
   <subfield code="a">Business statistics  </subfield>
   <subfield code="c">Choo Wei Chong, Goh Poi Leng and Murali Sambasivan.</subfield>
  </datafield>
  <datafield tag="260" ind1="0" ind2="0">
   <subfield code="a">Petaling Jaya, Selangor, Malaysia: </subfield>
   <subfield code="b">Prentice Hall, </subfield>
   <subfield code="c">2000.</subfield>
  </datafield>
  <datafield tag="300" ind1=" " ind2=" ">
   <subfield code="a">xii, 164p: </subfield>
   <subfield code="b">ill; </subfield>
   <subfield code="c">27 cm.</subfield>
  </datafield>
  <datafield tag="504" ind1="0" ind2="0">
   <subfield code="a">Includes bibliographical references and index</subfield>
  </datafield>
  <datafield tag="650" ind1="0" ind2="0">
   <subfield code="a">Commercial statistics </subfield>
  </datafield>
  <datafield tag="901" ind1=" " ind2=" ">
   <subfield code="u">www.pearson-books.com</subfield>
  </datafield>
 </record>
</collection>
